000 00482nam a2200181Ia 4500
001 10203
005 20260306161814.0
008 260306t2013||||xx |||||||||||||| ||spa||
041 _aESP
082 _a909
_bO622
100 _aCerda Costabal, José Manuel
_eAUT
245 0 _aOccidente historia y cultura:
_bgénesis y consolidación de una civilización
260 _c2013
300 _a421 páginas :
_c28 cm.
650 _aGEN
654 _aCHU
942 _cLIB
_dJUS
_fJUS
_2ddc
_n
999 _c10203
_d10203